Sonnigste Länder - Statistiken

Allgemein
  • Dieses Quiz wurde 585 mal gespielt
  • Das Durchschnittsergebnis liegt bei 14 aus 20
Antwortstatistiken
% Kontinent Land % Korrekt
14,5 Afrika Ägypten
90%
21,0 Afrika Algerien
84%
25,1 Afrika Niger
83%
21,4 Afrika Sudan
83%
28,1 Ozeanien Australien
79%
17,7 Afrika Libyen
79%
22,6 Asien Saudi-Arabien
79%
20,6 Afrika Tschad
78%
25,5 Afrika Südafrika
76%
24,4 Asien Irak
73%
24,0 Afrika Namibia
71%
26,1 Asien Oman
70%
23,0 Asien Katar
67%
27,5 Afrika Mauretanien
67%
22,3 Asien Vereinigte Arabische Emirate
62%
28,7 Asien Israel
60%
21,1 Asien Jordanien
58%
24,4 Asien Bahrain
57%
23,9 Afrika Botswana
54%
28,5 Afrika Dschibuti
38%
Keine übereinstimmenden Quizze gefunden
Verteilung der Resultate
Anzahl Personen mit jedem Resultat
Perzentil nach korrekt beantworteten Fragen
Ihre Resultats-Entwicklung
Sie haben dieses Quiz noch nicht gespielt